Errate die Abkürzungen - Statistiken

Allgemein
  • Dieses Quiz wurde 1.212 mal gespielt
    1.098 seit der letzten Aktualisierung
  • Das Durchschnittsergebnis liegt bei 14 aus 28
Antwortstatistiken
Abkürzung Antwort % Korrekt
km Kilometer
96%
m Meter
96%
LKW Lastkraftwagen
94%
Bzgl. Bezüglich
92%
cm Zentimeter
92%
WWW World Wide Web
91%
mm Millimeter
89%
D. h. Das heißt
88%
Abb. Abbildung
80%
Ggf. Gegebenenfalls
80%
StGB Strafgesetzbuch
71%
AGB Allgemeine Geschäftsbedingungen
64%
StVO Straßenverkehrs-Ordnung
61%
eV. eingetragener Verein
60%
GmbH Gesellschaft mit beschränkter Haftung
60%
PC Personal Computer
47%
BMW Bayerische Motorenwerke
39%
GHz Gigahertz
31%
DLRG Deutsche Lebens-Rettungs- Gesellschaft
27%
PIN Personal Identification Number
21%
TÜV Technischer Überwachungsverein
17%
MRT Magnetresonanztomographie
16%
NATO North Atlantic Treaty Organization
11%
dgg. dergleichen, desgleichen, diegleichen
6%
StVZO Straßenverkehrs-Zulassungs-Ordnung
6%
ISBN International Standard Book Number
4%
FIFA Fédération Internationale de Football Association
2%
z.w.V. zur weiteren Veranlassung
1%
Keine übereinstimmenden Quizze gefunden
Verteilung der Resultate
Anzahl Personen mit jedem Resultat
Perzentil nach korrekt beantworteten Fragen
Ihre Resultats-Entwicklung
Sie haben dieses Quiz seit der letzten Aktualisierung nicht gespielt